Journal of Internet law

Detalles Bibliográficos
Formato: Electrónico Revista
Lenguaje:inglés
Publicado: New York, NY : Aspen Law & Business, ©1997-
Materias:
Acceso en línea:Full text available from Research Library: 11/01/2003 to present

MARC

LEADER 00000nas a2200000 a 4500
001 ssj0017228
003 WaSeSS
005 20200512172242.0
006 m d
007 cr n
008 970611c19979999nyumr p s 0 a0eng c
010 |a  97652953   |z sn 97001654  
022 |l 1094-2904  |y 1094-2904 
035 |a (WaSeSS)ssj0017228 
037 |b Journal of Internet Law, PO Box 3000, Denville, NJ 07834  |c $295.00 
040 |a NSD  |b eng  |c NSD  |d DLC  |d SLU  |d DLC  |d NSD  |d OCLCQ  |d OCLCF  |d GILDS  |d OCLCO  |d OCLCQ  |d RDF  |d WaSeSS 
042 |a pcc  |a nsdp 
043 |a n-us--- 
050 0 0 |a KF390.5.C6  |b A155 
082 1 0 |a 340  |2 14 
222 0 |a Journal of Internet law 
245 0 0 |a Journal of Internet law  |h [electronic resource]. 
246 3 0 |a Internet law 
260 |a New York, NY :  |b Aspen Law & Business,  |c ©1997- 
310 |a Monthly 
362 0 |a Vol. 1, no. 1 (July 1997)- 
500 |a Title from caption. 
506 |a License restrictions may limit access. 
515 |a Issue for July 1997 also called Premier issue. 
650 0 |a Computer networks  |x Law and legislation  |z United States  |v Periodicals. 
650 0 |a Internet  |v Periodicals. 
650 7 |a Computer networks  |x Law and legislation.  |2 fast  |0 (OCoLC)fst00872320 
650 7 |a Internet.  |2 fast  |0 (OCoLC)fst00977184 
651 7 |a United States.  |2 fast  |0 (OCoLC)fst01204155 
655 0 |a Electronic journals. 
850 |a DLC  |a MoSU-L 
856 4 0 |z Full text available from Research Library: 11/01/2003 to present  |u https://search.proquest.com/publication/26465